000 00522pab a2200181 454500
008 180718b2014 xxu||||| |||| 00| 0 eng d
100 _aKarell, Daniel
245 _aEthnicity, citizenship, and the migration - development Nexus: The case of Moroccan migrants in Spain's North Africa exclaves
260 _c2014
300 _ap.190-1103
362 _aAug
650 _aMigration
650 _aNationality
650 _aEthnic groups
773 _aJournal of Development Studies
908 _aN
909 _a105825
999 _c105820
_d105820